Central Library OPAC University of Rajshahi

Meteor astronomy / (Record no. 8792)

MARC details
000 -LEADER
fixed length control field 00689nam a2200229 a 4500
001 - CONTROL NUMBER
control field 8792
003 - CONTROL NUMBER IDENTIFIER
rucl marc code UkOxU
005 - DATE AND TIME OF LATEST TRANSACTION
control field 20211208234643.0
008 - FIXED-LENGTH DATA ELEMENTS--GENERAL INFORMATION
fixed length control field 140119s1954 enk 000 0 eng d
035 ## - SYSTEM CONTROL NUMBER
System control number (BD-RjUL) 8837
040 ## - CATALOGING SOURCE
Original cataloging agency BD-RjUL
Language of cataloging eng
Transcribing agency BD-RjUL
041 ## - LANGUAGE CODE
Language code of text/sound track or separate title eng
082 ## - DEWEY DECIMAL CLASSIFICATION NUMBER
Edition number 20
Classification number 523.5
Author mark and year LOM 1954
100 1# - MAIN ENTRY--PERSONAL NAME
Personal name Lovell, Bernard,
Dates associated with a name 1913-2012.
9 (RLIN) 25983
245 10 - TITLE STATEMENT
Title Meteor astronomy /
Statement of responsibility, etc. by A.C.B. Lovell
260 ## - PUBLICATION, DISTRIBUTION, ETC. (IMPRINT)
Place of publication, distribution, etc. Oxford at the Clarendon Press,
Date of publication, distribution, etc. 1954
300 ## - PHYSICAL DESCRIPTION
Pagination xiv, 463 p., 3 p. of plates :
Illustrations ill. ;
Size 25 cm
500 ## - GENERAL NOTE
General note Includes indices
650 #0 - SUBJECT ADDED ENTRY--TOPICAL TERM
Topical term or geographic name as entry element Meteors
9 (RLIN) 27337
830 #0 - SERIES ADDED ENTRY--UNIFORM TITLE
Uniform title International series of monographs on physics (Oxford, England)
942 ## - ADDED ENTRY ELEMENTS (KOHA)
Source of classification or shelving scheme Dewey Decimal Classification
Koha item type Books
Holdings
Lost status Source of classification or shelving scheme Damaged status Not for loan Collection code Permanent Location Current Location Shelving location Date acquired Source of acquisition Cost, normal purchase price Total Checkouts Full call number Date last seen Copy number Koha item type
  Dewey Decimal Classification   Not For Loan Non-fiction Central Library, University of Rajshahi Central Library, University of Rajshahi   16/11/1957 Oxford University Press 52.00   523.5 LOM 1954 19/01/2014 C-1 Books